The scientific papers of James Clerk Maxwell / (Record no. 17903)

MARC details
000 -LEADER
fixed length control field 01182nam a2200325 i 4500
003 - CONTROL NUMBER IDENTIFIER
control field EG-ScBUE
005 - DATE AND TIME OF LATEST TRANSACTION
control field 20250126092309.0
008 - FIXED-LENGTH DATA ELEMENTS--GENERAL INFORMATION
fixed length control field 140109t2010 enka f b f001 0 eng d
020 ## - INTERNATIONAL STANDARD BOOK NUMBER
International Standard Book Number 9781108012256
040 ## - CATALOGING SOURCE
Original cataloging agency EG-ScBUE
Language of cataloging eng
Description conventions rda
Transcribing agency EG-ScBUE
Modifying agency EG-ScBUE
082 04 - DEWEY DECIMAL CLASSIFICATION NUMBER
Edition number 22
Classification number 530
Item number MAX
100 1# - MAIN ENTRY--PERSONAL NAME
9 (RLIN) 29599
Personal name Maxwell, James Clerk,
Dates associated with a name 1831-1879,
Relator term author.
245 14 - TITLE STATEMENT
Title The scientific papers of James Clerk Maxwell /
Statement of responsibility, etc James Clerk Maxwell ; edited by W. D. Niven.
264 #1 - PUBLICATION, DISTRIBUTION, ETC. (IMPRINT)
Place of publication, distribution, etc Cambridge, United Kingdom :
Name of publisher, distributor, etc Cambridge University Press,
Date of publication, distribution, etc [2010]
264 #4 - PUBLICATION, DISTRIBUTION, ETC. (IMPRINT)
Date of publication, distribution, etc c2010
300 ## - PHYSICAL DESCRIPTION
Extent 2 volumes :
Other physical details illustrations ;
Dimensions 30 cm.
336 ## - CONTENT TYPE
Source rdacontent
Content type term text
Content type code txt
337 ## - MEDIA TYPE
Media type term unmediated
Source rdamedia
Media type code n
338 ## - CARRIER TYPE
Carrier type term volume
Carrier type code nc
Source rdacarrier
490 0# - SERIES STATEMENT
Series statement Cambridge library collection
504 ## - BIBLIOGRAPHY, ETC. NOTE
Bibliography, etc Includes bibliographical references and index.<br/>
650 #7 - SUBJECT ADDED ENTRY--TOPICAL TERM
9 (RLIN) 6266
Topical term or geographic name as entry element Physics.
Source of heading or term BUEsh
650 #7 - SUBJECT ADDED ENTRY--TOPICAL TERM
9 (RLIN) 2018
Topical term or geographic name as entry element Mathematics.
Source of heading or term BUEsh
650 #7 - SUBJECT ADDED ENTRY--TOPICAL TERM
9 (RLIN) 1928
Topical term or geographic name as entry element Electromagnetism.
Source of heading or term BUEsh
650 #7 - SUBJECT ADDED ENTRY--TOPICAL TERM
9 (RLIN) 6197
Topical term or geographic name as entry element Kinetic theory of gases.
Source of heading or term BUEsh
653 ## - INDEX TERM--UNCONTROLLED
Arrived date list January2014
655 ## - INDEX TERM--GENRE/FORM
Form subdivision Reading book
9 (RLIN) 34232
700 1# - ADDED ENTRY--PERSONAL NAME
9 (RLIN) 34788
Personal name Niven, W. D.
Titles and other words associated with a name Sir,
Dates associated with a name 1842-1917
Fuller form of name (William Davidson),
Relator term editor.
942 ## - ADDED ENTRY ELEMENTS (KOHA)
Source of classification or shelving scheme Dewey Decimal Classification
Koha item type Book - Borrowing
Holdings
Withdrawn status Lost status Source of classification or shelving scheme Damaged status Not for loan Collection code Home library Current library Shelving location Date acquired Source of acquisition Total Checkouts Total Renewals Full call number Barcode Date last seen Date checked out Koha item type Public note
    Dewey Decimal Classification     Baccah Central Library Central Library First floor 09/01/2014 Purchase 1 13 530 MAX 000035303 15/07/2025 09/01/2014 Book - Borrowing Vol. 2
    Dewey Decimal Classification     Baccah Central Library Central Library First floor 09/01/2014 Purchase 1 13 530 MAX 000035304 15/07/2025 09/01/2014 Book - Borrowing Vol. 1